000 01177nam0a22003011 4500
001 rc\4872897
005 20130426145822.2
021 _aRU
_b[65-46015]
035 _a(NLR Aleph) 008911910
090 _a8769192
_c8769192
100 _a20130426d1965 |||y0rusy50 ca
101 0 _arus
102 _aRU
105 _aa z |||||
200 1 _aСжигание газов в топках котлов и печей и обслуживание газового хозяйства предприятий
_fПод ред. И.Р. Лаперье
205 _a5-е изд., испр. и доп.
210 _aЛенинград
_cНедра. Ленингр. отд-ние
_d1965
215 _a447 с., 1 л. схем.
_cил.
_d22
320 _aБиблиогр.: с. 443-447
606 _aПромышленные предприятия
_xГазовое хозяйство
_2psbo
606 _aГазы горючие
_xСжигание
_2psbo
700 1 _aЧепель
_bВ. М.
_gВладимир Михайлович
702 1 _aЛаперье
_bИ. Р.
_4340
801 0 _aRU
_bNLR
_gpsbo
801 1 _aRU
_bELAR
_2rusmarc
852 _aNLR
_j65-5/2847
942 _cBOOK
980 _aNB